Detalles MARC
| 000 -LEADER |
| fixed length control field |
01521 am a2200385 a 4500 |
| 005 - FECHA ULTIMA MODIFICACION |
| control field |
20240219122857.0 |
| 008 - CAMPO DE CONTROL (LIBRO) |
| fixed length control field |
100804s1995||||ag a f |||| 001 0 spa d |
| 020 ## - INTERNATIONAL STANDARD BOOK NUMBER |
| ISBN |
9500623102 |
| 041 ## - CODIGO DE IDIOMA |
| Código de idioma del texto/pista de sonido o título separado |
spa |
| 092 ## - SIGNATURA TOPOGRAFICA DEWEY LOCAL |
| número de clasificación |
616.893 |
| libristica |
92 |
| sección |
VID |
| 100 1# - ENTRADA PRINCIPAL--NOMBRE PERSONAL |
| Nombre personal |
Vidal, Guillermo. |
| Función |
Dir. |
| 9 (RLIN) |
976 |
| 245 ## - TITULO PROPIAMENTE DICHO |
| Título |
Enciclopedia Iberoamericana de Psiquiatría. |
| Subtítulo y Título paralelo |
T.1 Micropedia / |
| Mención de responsabilidad y remanente de la transcripción de la portada |
Guillermo Vidal |
| 250 ## - MENCION DE EDICION |
| Mención de edición |
1a ed. |
| 260 ## - PIE DE IMPRENTA |
| Lugar de publicación, distribución, etc |
Buenos Aires: |
| Nombre de la editorial, distribuidor, etc |
Editorial Médica Panamericana; |
| Fecha de publicación |
1995. |
| 300 ## - DESCRIPCION FISICA |
| Extension |
1-815 p. |
| 500 ## - NOTA GENERAL |
| Nota general |
Vidal, G., Alarcón, R. D. y Lolas Stepke, F. (Dirs.). (1995). Enciclopedia Iberoamericana de Psiquiatría. T.1 Micropedia. (1a ed.). Buenos Aires : Editorial Médica Panamericana. |
| 653 ## - TÉRMINO INDIZADO - PALABRAS CLAVES |
| Palabra clave |
Conceptos y definiciones. Biografías |
| 653 ## - TÉRMINO INDIZADO - PALABRAS CLAVES |
| Palabra clave |
CIE-10 |
| 653 ## - TÉRMINO INDIZADO - PALABRAS CLAVES |
| Palabra clave |
DSM-IV |
| 653 ## - TÉRMINO INDIZADO - PALABRAS CLAVES |
| Palabra clave |
Juramento hipocrático (400 a.C) |
| 653 ## - TÉRMINO INDIZADO - PALABRAS CLAVES |
| Palabra clave |
De los indios recientemente descubiertos (1539) |
| 653 ## - TÉRMINO INDIZADO - PALABRAS CLAVES |
| Palabra clave |
Declaración de los Derechos Humanos del Hombre y del Ciudadano (1789) |
| 653 ## - TÉRMINO INDIZADO - PALABRAS CLAVES |
| Palabra clave |
Bando del Fraile Aldao (1842) |
| 653 ## - TÉRMINO INDIZADO - PALABRAS CLAVES |
| Palabra clave |
Código de Nürember (1946) |
| 653 ## - TÉRMINO INDIZADO - PALABRAS CLAVES |
| Palabra clave |
Declaración Universal de los Derechos Humanos (1948) |
| 653 ## - TÉRMINO INDIZADO - PALABRAS CLAVES |
| Palabra clave |
Declaración de Helsinki (1964) |
| 653 ## - TÉRMINO INDIZADO - PALABRAS CLAVES |
| Palabra clave |
Declaración de Tokyo - Helsinki II (1975) |
| 653 ## - TÉRMINO INDIZADO - PALABRAS CLAVES |
| Palabra clave |
Declaración de Hawaii (1977) |
| 653 ## - TÉRMINO INDIZADO - PALABRAS CLAVES |
| Palabra clave |
Declaración de Alma-Ata (1978) |
| 653 ## - TÉRMINO INDIZADO - PALABRAS CLAVES |
| Palabra clave |
Declaración de Caracas (1990) |
| 700 1# - ENTRADAS SECUNDARIAS - NOMBRE PERSONAL |
| Nombre personal |
Alarcón, Renato D. |
| Función |
Dir |
| 9 (RLIN) |
977 |
| 700 1# - ENTRADAS SECUNDARIAS - NOMBRE PERSONAL |
| Nombre personal |
Lolas Stepke, Fernando. |
| Función |
Dir. |
| 9 (RLIN) |
978 |
| 930 ## - NUMERO DE INVENTARIO |
| Número de inventario |
1177 |
| 942 ## - ADDED ENTRY ELEMENTS (KOHA) |
| Source of classification or shelving scheme |
Dewey Decimal Classification |
| Item type |
Libros |